00438nam a2200157 a 450000100060000000300090000600800410001502000180005604000280007408200150010210000310011724500570014826000240020530000100022965000410023924156CO-ViMGA141112s2004 ck r 000 u spa d a9789580510796 aCO-ViMGAbspacCO-ViMGA a510.7 D8351 aDueñas William, Hernando10aAciertos matematicos 8 / cHernando Dueñas William aColombia : bEducar a400p.14aMATEMATICAS - ENSEÑANZA SECUNDARIA